|
|
|
|
| LEADER |
03220nam a2200805 i 4500 |
| 001 |
nkc20162773646 |
| 003 |
CZ PrNK |
| 005 |
20190516125923.0 |
| 007 |
ta |
| 008 |
160121s2015 xr a f 001 0 cze |
| 015 |
|
|
|a cnb002773646
|
| 020 |
|
|
|a 978-80-210-8096-6
|q (brožováno)
|
| 035 |
|
|
|a (OCoLC)949214298
|
| 040 |
|
|
|a ABA001
|b cze
|e rda
|
| 041 |
0 |
|
|a cze
|b cze
|b eng
|
| 043 |
|
|
|a e-xr---
|
| 072 |
|
7 |
|a 37.09
|x Organizace výuky a vzdělávání
|2 Konspekt
|9 22
|
| 080 |
|
|
|a 378.011.3-052
|2 MRF
|
| 080 |
|
|
|a 377
|2 MRF
|
| 080 |
|
|
|a 37.091.12
|2 MRF
|
| 080 |
|
|
|a 37.091.12-027.22
|2 MRF
|
| 080 |
|
|
|a 316.772.4:37
|2 MRF
|
| 080 |
|
|
|a 316.462
|2 MRF
|
| 080 |
|
|
|a 37
|2 MRF
|
| 080 |
|
|
|a 303.022
|2 MRF
|
| 080 |
|
|
|a (437.3)
|2 MRF
|
| 080 |
|
|
|a (048.8:082)
|2 MRF
|
| 100 |
1 |
|
|a Vlčková, Kateřina,
|d 1976-
|7 mzk2008448719
|4 aut
|
| 245 |
1 |
0 |
|a Z posluchárny za katedru :
|b mocenské vztahy ve výuce studentů učitelství /
|c Kateřina Vlčková, Kateřina Lojdová, Josef Lukas, Jan Mareš, Zuzana Šalamounová, Tomáš Kohoutek, Jarmila Bradová, Stanislav Ježek
|
| 246 |
3 |
0 |
|a Mocenské vztahy ve výuce studentů učitelství
|
| 250 |
|
|
|a 1. vydání
|
| 264 |
|
1 |
|a Brno :
|b Masarykova univerzita,
|c 2015
|
| 300 |
|
|
|a 237 stran :
|b ilustrace ;
|c 25 cm
|
| 336 |
|
|
|a text
|b txt
|2 rdacontent
|
| 337 |
|
|
|a bez média
|b n
|2 rdamedia
|
| 338 |
|
|
|a svazek
|b nc
|2 rdacarrier
|
| 500 |
|
|
|a 350 výtisků
|
| 504 |
|
|
|a Obsahuje bibliografii, bibliografické odkazy a rejstřík
|
| 546 |
|
|
|a České a anglické resumé
|
| 650 |
0 |
7 |
|a vysokoškolští studenti
|7 ph127281
|2 czenas
|
| 650 |
0 |
7 |
|a profesní příprava
|7 ph134694
|2 czenas
|
| 650 |
0 |
7 |
|a učitelská profese
|7 ph126981
|2 czenas
|
| 650 |
0 |
7 |
|a pedagogická praxe
|7 ph124011
|2 czenas
|
| 650 |
0 |
7 |
|a pedagogická komunikace
|7 ph115702
|2 czenas
|
| 650 |
0 |
7 |
|a moc
|7 ph122929
|x pedagogické aspekty
|2 czenas
|
| 650 |
0 |
7 |
|a autorita
|7 ph118710
|x pedagogické aspekty
|2 czenas
|
| 650 |
0 |
7 |
|a kvalitativní výzkum
|7 ph115045
|z Česko
|2 czenas
|
| 650 |
0 |
9 |
|a college students
|2 eczenas
|
| 650 |
0 |
9 |
|a professional training
|2 eczenas
|
| 650 |
0 |
9 |
|a teacher career
|2 eczenas
|
| 650 |
0 |
9 |
|a practice teaching
|2 eczenas
|
| 650 |
0 |
9 |
|a communication in learning and scholarship
|2 eczenas
|
| 650 |
0 |
9 |
|a power (social sciences)
|x educational aspects
|2 eczenas
|
| 650 |
0 |
9 |
|a authority
|x educational aspects
|2 eczenas
|
| 650 |
0 |
9 |
|a qualitative research
|z Czechia
|2 eczenas
|
| 655 |
|
7 |
|a kolektivní monografie
|7 fd501537
|2 czenas
|
| 655 |
|
9 |
|a collective monographs
|2 eczenas
|
| 700 |
1 |
|
|a Lojdová, Kateřina,
|d 1984-
|7 mzk2009534074
|4 aut
|
| 700 |
1 |
|
|a Lukas, Josef,
|d 1970-
|7 mzk2008479643
|4 aut
|
| 700 |
1 |
|
|a Mareš, Jan,
|d 1973 březen 27.-
|7 mzk2012704999
|4 aut
|
| 700 |
1 |
|
|a Šalamounová, Zuzana,
|d 1984-
|7 mzk2010610933
|4 aut
|
| 700 |
1 |
|
|a Kohoutek, Tomáš,
|d 1976-
|7 mzk2005282205
|4 aut
|
| 700 |
1 |
|
|a Bradová, Jarmila
|7 mzk2012704655
|4 aut
|
| 700 |
1 |
|
|a Ježek, Stanislav,
|d 1974-
|7 mzk2004217441
|4 aut
|
| 856 |
4 |
1 |
|3 Online verze
|u https://is.muni.cz/repo/1332278/
|4 N
|
| 910 |
2 |
|
|a BOA001
|b 2-1364.944
|
| 990 |
|
|
|a BK
|
| 995 |
|
|
|a 01
|
| 991 |
|
|
|b 201604
|c NOV
|
| 996 |
6 |
|
|b 2610668259
|c 2-1364.944
|l MZK
|r Sklad / do 1 hodiny
|n 11
|p p.v.
|w 001556772
|u 000010
|a 1
|e BOA001
|j MZK50
|s P
|